| 000 | 00667npc a2200217Ia 4500 | ||
|---|---|---|---|
| 001 | onu4-923 [d000000848] | ||
| 003 | IT-MiCISF | ||
| 008 | 161014s9999||||xx | und|| | ||
| 040 |
_aIT-MiCISF _cIT-MiCISF |
||
| 041 | _aen | ||
| 100 | _aAA.VV. | ||
| 240 | _aInternational Youth Year: Participation, Development, Peace (a/38/460) | ||
| 245 | 0 |
_aInternational Youth Year: Participation, Development, Peace (a/38/460) _bReport of the Secretary General. Addendum |
|
| 250 | _a1a ed. | ||
| 260 |
_bONU _c1983 |
||
| 300 | _app. 3 | ||
| 500 | _aONU / giovani, politica-giovanile / | ||
| 650 | _aetà -evolutiva | ||
| 942 | _cDD | ||
| 957 | _71 | ||
| 999 |
_a923 _bsi _g1 _c205950 _d205950 |
||